Estadísticas para Ciudades más grandes de España

Haz click aquí para tomar la prueba!

Estadísticas generales

  • Esta prueba ha sido tomada 13.383 veces
  • La puntuación promedio es 13 de 20

Estadísticas de respuestas

PoblaciónCiudad% Correcto
1.611.822Barcelona
100%
3.207.247Madrid
100%
700.169Sevilla
95%
792.303Valencia
94%
349.356Bilbao
87%
568.479Málaga
81%
682.004Zaragoza
80%
237.818Granada
73%
438.246Murcia
71%
335.052Alicante
68%
328.704Córdoba
67%
309.714Valladolid
65%
245.923La Coruña
64%
296.479Vigo
56%
398.162Palma
52%
275.274Gijón
48%
383.050Las Palmas
47%
241.386Vitoria
39%
254.056Hospitalet de Llobregat
31%
230.224Elche
25%

Distribución de puntuación

Porcentaje por número respondido

Porcentaje de gente con cada puntuación

Historial de tus puntuaciones

No has tomado esta prueba